000 00454nam a2200181Ia 4500
008 230711s9999||||xx |||||||||||||| ||und||
020 _a81-239-1307-9
041 _aENG
082 _a615.7
_bKU-B
100 _aKulkarni,J.S
245 0 _aBiopharmaceutics and pharmacokinetics
250 _a1st Ed.
260 _c2006
_aNew Delhi
_bCBS Publishers & Distributors Pvt.Ltd
300 _a301p.
650 _aPharmacy
700 _aPawar,A.P
942 _cBK
999 _c7131
_d7131